000 00785nam a22002417a 4500
003 UA-OsUOA
001 40426
007 ta
008 20060803b un ||||| |||| 00| 0 ukr d
100 _aКоломійцев В. Е.
090 _a339.727.22
_bК61
942 _cBK
040 _aUA-OsUOA
_bukr
_cUA-OsUOA
_dUA-OsUOA
245 _aАльтернатива розрусі
_bЛатиноамериканський інвестиційний досвід подолання глобальної фінансово-економічної кризи
300 _a405 с.
955 _a2
041 _aukr
080 _a339.727.22
020 _a966-7615-15-4
260 _aК.
_bМолодь
_c2000
650 7 _a339.7 Міжнародні фінанси
_2UDC
999 _c326567
_d326567